000 00960nam a2200265Ia 4500
003 OSt
005 20221005111036.0
006 a|||||r|||| 00| 0
007 ta
008 221004b |||||||| |||| 00| 0 hin d
020 _a9788183612432 (hbk)
_c500
024 _a15765
037 _bBR6147, 23/12/2014, Rajkamal Prakashan Pvt. Ltd.
_cTextual
040 _aCRL
_cCRL
_bhin
041 _2hin
_ahin
082 _aO157,3NRA3,BA, 152P8
100 _aराय, सत्यजित
245 0 _aबादशाही अॅंगूठी
246 _aBādashāhī aॅangūṭhī
260 _aनई दिल्ली
_bराधाकृष्ण भारत
_c2014
300 _a114पृ0
_ccm.
650 _aबंगाली साहित्य
942 _hO157,3NRA3,BA, 152P8
_cTEXL
_2cc
999 _c1020631
_d1020631